प्राचीन भारतीय शिक्षा पद्धतिः (Record no. 14868)
[ view plain ]
| 000 -LEADER | |
|---|---|
| fixed length control field | 01343nam a22002537a 4500 |
| 005 - DATE AND TIME OF LATEST TRANSACTION | |
| control field | 20080814155123.0 |
| 008 - FIXED-LENGTH DATA ELEMENTS--GENERAL INFORMATION | |
| fixed length control field | 080814t xxu||||| |||| 00| 0 hin d |
| 010 ## - LIBRARY OF CONGRESS CONTROL NUMBER | |
| LC control number | HIN-83934 |
| 020 ## - INTERNATIONAL STANDARD BOOK NUMBER | |
| Terms of availability | 200.00 |
| International Standard Book Number | 8576512x |
| 035 ## - SYSTEM CONTROL NUMBER | |
| System control number | HN-56280 |
| 037 ## - SOURCE OF ACQUISITION | |
| Source of stock number/acquisition | DBAD / PUB |
| 040 ## - CATALOGING SOURCE | |
| Original cataloging agency | DPL |
| Language of cataloging | HN |
| 082 ## - DEWEY DECIMAL CLASSIFICATION NUMBER | |
| Classification number | 370.1 |
| 100 ## - MAIN ENTRY--PERSONAL NAME | |
| Personal name | संजय कुमार सिंह |
| 245 ## - TITLE STATEMENT | |
| Title | प्राचीन भारतीय शिक्षा पद्धतिः |
| Statement of responsibility, etc | संजय कुमार सिंह |
| Remainder of title | (प्रारम्भ से लगभग छठीं शताब्दी तक) / |
| 246 ## - VARYING FORM OF TITLE | |
| Title proper/short title | Prachin Bhartiya shiksha paddhati |
| Remainder of title | by Sanjay Kumar Singh |
| 260 ## - PUBLICATION, DISTRIBUTION, ETC. (IMPRINT) | |
| Place of publication, distribution, etc | इलाहाबाद |
| Name of publisher, distributor, etc | सचिव हिन्दुस्तानी एकेडेमी |
| Date of publication, distribution, etc | 2006 |
| 270 ## - ADDRESS | |
| Address | 12 डी. कमला नेहरू रोड |
| City | इलाहाबाद |
| Postal code | 211001 |
| 300 ## - PHYSICAL DESCRIPTION | |
| Extent | 335पृ. |
| Dimensions | 22सेमी (अजिल्द) |
| 650 ## - SUBJECT ADDED ENTRY--TOPICAL TERM | |
| Topical term or geographic name as entry element | शिक्षा |
| Geographic subdivision | भारत |
| General subdivision | प्राचीन |
| 650 ## - SUBJECT ADDED ENTRY--TOPICAL TERM | |
| Topical term or geographic name as entry element | Education |
| Geographic subdivision | India |
| General subdivision | Ancient |
| 942 ## - ADDED ENTRY ELEMENTS (KOHA) | |
| Source of classification or shelving scheme | Dewey Decimal Classification |
| Koha item type | Hindi Books |
| Classification part | 370.1 |
| Call number suffix | संजय |
| Withdrawn status | Lost status | Damaged status | Not for loan | Collection code | Home library | Current library | Date acquired | Cost, normal purchase price | Total Checkouts | Full call number | Barcode | Date last seen | Copy number | Cost, replacement price | Price effective from | Koha item type |
|---|---|---|---|---|---|---|---|---|---|---|---|---|---|---|---|---|
| Not For Loan | Non-fiction | D.B.Act.Division | D.B.Act.Division | 18/08/2008 | 200.00 | 370.1 àäøàäà| HN-56280 | 15/09/2008 | 1 | 200.00 | 15/09/2008 | Hindi Books |
